000 00288nam a2200121 a 4500
008 110427s1985|||| d
245 1 0 _aSlovensko-Ukrajinský slovník
260 _bSPN
_aBratislava
_c1985
020 _c78
044 _axo
_cSK
041 _aslo
100 1 _aBunganič, Peter
999 _c19206
_d19206